00591nam a22001817a 4500003000900000008004100009040007100050082001800121100003000139245005200169260003800221300002400259505005100283650001200334650001500346650001800361700003000379AR-CdUCM190227b ||||| |||| 00| 0 spa d aMUNICIPALIDAD PROVINCIAL DEL CUSCOcBIBLIOTECA MUNICIPAL DEL CUSCO a869.56 /bB44 aBendezú Palomino, Edgar aPalabra de Maestro /cBendezú Palomino, Edgar aPerú :bLluvia Editores,c1990. a38 paginas ;c25cm. aPalabra de Maestro -- Floración del Silencio aPoesia  aLiteratura alatinoamerica aBendezú Palomino, Edgar